MARC details
| 000 -LEADER |
| fixed length control field |
02105cam a22003618i 4500 |
| 001 - CONTROL NUMBER |
| control field |
BK0019776189 |
| 003 - CONTROL NUMBER IDENTIFIER |
| control field |
DLC |
| 005 - DATE AND TIME OF LATEST TRANSACTION |
| control field |
20170914152829.0 |
| 008 - FIXED-LENGTH DATA ELEMENTS--GENERAL INFORMATION |
| fixed length control field |
161219s2017 nyu 000 1 eng d |
| 010 ## - LIBRARY OF CONGRESS CONTROL NUMBER |
| LC control number |
2016047564 |
| 020 ## - INTERNATIONAL STANDARD BOOK NUMBER |
| International Standard Book Number |
9781400069903 : HRD |
| Terms of availability |
26.00 |
| 020 ## - INTERNATIONAL STANDARD BOOK NUMBER |
| International Standard Book Number |
1400069904 : HRD |
| Terms of availability |
26.00 |
| Cancelled/invalid ISBN |
9780679605133 (ebook) |
| 037 ## - SOURCE OF ACQUISITION |
| Source of stock number/acquisition |
Random House Inc, Attn Order Entry 400 Hahn rd, Westminster, MD, USA, 21157 |
| Note |
SAN 201-3975 |
| 040 ## - CATALOGING SOURCE |
| Original cataloging agency |
DLC |
| Language of cataloging |
eng |
| Description conventions |
rda |
| Transcribing agency |
DLC |
| Modifying agency |
NjBwBT |
| 050 00 - LIBRARY OF CONGRESS CALL NUMBER |
| Classification number |
PS3552.E6996 |
| Item number |
S76 2017 |
| 082 00 - DEWEY DECIMAL CLASSIFICATION NUMBER |
| Classification number |
813/.54 |
| Edition number |
23 |
| 092 ## - LOCALLY ASSIGNED DEWEY CALL NUMBER (OCLC) |
| Classification number |
813.5400 |
| 100 1# - MAIN ENTRY--PERSONAL NAME |
| Personal name |
Berg, Elizabeth, |
| Relator term |
author. |
| 245 14 - TITLE STATEMENT |
| Title |
The story of Arthur Truluv : |
| Remainder of title |
a novel / |
| Statement of responsibility, etc |
Elizabeth Berg. |
| 250 ## - EDITION STATEMENT |
| Edition statement |
First edition. |
| 263 ## - PROJECTED PUBLICATION DATE |
| Projected publication date |
1708 |
| 264 #1 - Production, Publication, Distribution, Manufacture, and Copyright Notice. |
| Place of production, publication, distribution, manufacture |
New York : |
| Name of producer, publisher, distributor, manufacturer |
Random House, |
| Date of production, publication, distribution, manufacture, or copyr |
[2017] |
| 300 ## - PHYSICAL DESCRIPTION |
| Extent |
pages ; cm |
| 336 ## - Content Type |
| Content type term |
text |
| 337 ## - Media type |
| Media type term |
unmediated |
| 338 ## - Carrier type |
| Carrier type term |
volume |
| 520 ## - SUMMARY, ETC. |
| Summary, etc |
"Truluv is a moving novel about three people who have lost the person they love most, and must find their way back to happiness. Arthur, a widower, meets Maddy, an angry and friendless teenage girl, while visiting his late wife at the cemetary, where he goes every day for lunch. Against all odds, the two strike up a friendship that pulls them out of a serious rut. They band together with Arthur's nosy neighbor Lucille, to create lives that are truly worth living. Proving that life's most precious momentsare sweeter when shared, they go from strangers, to friends, to an untraditional but loving family. Betrayal, loneliness, romance and family are at the heart of this honey of a book, a must-read for fans of Elizabeth Berg's early work. This is a story about life being affirmed at all ages, old and young, and about finding hapiness when hope seems lost. Readers will laugh, cry, and love Truluv"-- |
| -- |
Provided by publisher. |
| 650 #0 - SUBJECT ADDED ENTRY--TOPICAL TERM |
| Topical term or geographic name as entry element |
Interpersonal relations |
| Form subdivision |
Fiction. |
| 650 #0 - SUBJECT ADDED ENTRY--TOPICAL TERM |
| Topical term or geographic name as entry element |
Teenage girls |
| Form subdivision |
Fiction. |
| 650 #0 - SUBJECT ADDED ENTRY--TOPICAL TERM |
| Topical term or geographic name as entry element |
Widowers |
| Form subdivision |
Fiction. |
| 650 #7 - SUBJECT ADDED ENTRY--TOPICAL TERM |
| Topical term or geographic name as entry element |
FICTION / Contemporary Women. |
| Source of heading or term |
bisacsh |
| 650 #7 - SUBJECT ADDED ENTRY--TOPICAL TERM |
| Topical term or geographic name as entry element |
FICTION / Family Life. |
| Source of heading or term |
bisacsh |
| 650 #7 - SUBJECT ADDED ENTRY--TOPICAL TERM |
| Topical term or geographic name as entry element |
FICTION / Literary. |
| Source of heading or term |
bisacsh |